000 00433 a2200133 4500
001 ART_12430
005 20260410161906.0
008 260409a
245 1 0 _aA monte carlo study of estimatiors of stochastic frontier production functions
100 1 _aSchmidt, Peter
700 1 _aOlson, Jerome A.
700 1 _aWaldman, Donald M.
773 0 _tJournal of econometrics
_g- Vol. 13, NÂș 1 (may. 1980)
_wREV11720
999 _c26359
_d26359